000 00652nam a22002417a 4500
005 20230208105650.0
008 230208b ||||| |||| 00| 0 eng d
020 _a8178816547
040 _cAL
041 _aEnglish
082 _223
_a338.5
_bICFM
100 _aICFAI University
_971246
245 _aMicroeconomics
260 _aHyderabad
_bThe ICFAI University
_c2004
300 _a312 p.
_bPB
_c27x21 cm.
650 _aMicroeconomics
_971247
650 _aSupply
_971248
650 _aConsumer Behaviour
_971249
650 _aMarket Structure
_971250
650 _aCalculus
_971251
700 _aICFAI UNIVERSITY
_971252
942 _2ddc
_cDB
999 _c226609
_d226609